000 00426nam a22001577a 4500
003 OSt
005 20220107122822.0
008 161020b xxu||||| |||| 00| 0 eng d
040 _cIIITMK
100 _aJithin Zacharia (93615006)
_910951
245 _aSnorta (An IOC detection tool)
300 _aCSIS - Mini Project
650 _aCOMPUTER SECURITY
_911373
650 _aINDICATORS OF COMPROMISE (IOC)
_911374
942 _2ddc
_cPR
999 _c5453
_d5453